Osobnosť učiteľa a rozvoj interakčnej kompetencie žiakov

Sociálne kompetencie a sociálne zručnosti. Možnosti rozvoja sociálno-interakčnej kompetencie žiakov. Podmienky rozvoja sociálno-interakčnej kompetencie žiakov vo vyučovacom procese. Analýza možností využívania interaktívnych didaktických postupov vo vyučovaní.

Salvato in:
Dettagli Bibliografici
Autore principale: Fenyvesiová, Lívia
Altri autori: Duchovičová, Jana
Natura: Capitolo di libro
Lingua:slovacco
Soggetti:
Tags: Aggiungi Tag
Nessun Tag, puoi essere il primo ad aggiungerne!!

MARC

LEADER 00000naa$a2200000$$$4500
001 0091859
005 20231010124759.9
041 0 |a slo 
044 |a SK 
245 1 0 |a Osobnosť učiteľa a rozvoj interakčnej kompetencie žiakov  |c Lívia Fenyvesiová, Jana Duchovičová 
520 |a Sociálne kompetencie a sociálne zručnosti. Možnosti rozvoja sociálno-interakčnej kompetencie žiakov. Podmienky rozvoja sociálno-interakčnej kompetencie žiakov vo vyučovacom procese. Analýza možností využívania interaktívnych didaktických postupov vo vyučovaní. 
610 2 0 |a učitelia 
610 2 0 |a vyučovanie 
610 2 0 |a kompetencie 
610 2 0 |a študenti 
100 1 |a Fenyvesiová, Lívia 
700 1 |a Duchovičová, Jana